00936nam a2200229 a 4500001001000000003000500010005001700015008004100032010001100073011001100084040000900095100004000104245019000144260004100334500006000375502008700435650002800522650001900550650004400569650002300613856007000636000109845CHAP20220329144106.0140602s2014 mx a |sm |||||||spa|d a106307 a107279 cCHAP1 aEscobar González, Jesús Antonio10aCaracterización hidrológica y producción de sedimentos en la subcuenca del río Papalotla, Tepetlaoxtoc, Estado de Méxicoh[En línea]cpor Jesús Antonio Escobar González. aChapingo, Méx. :bEl autor,c2014. aPara ver el contenido del material haga clic en la liga aTesis (Ing. en Restauración Forestal) -- UACH. División de Ciencias Forestales14aCuencas hidrológicas.14aEscurrimiento.14aRecursos hidráulicosxMéxico (Edo.)14aSuelosxErosión. aFinding aiduhttp://10.13.5.2/tesis/sist109845.pdfzTeclea aquí